| 000 | 00704cab a22002055a 4500 | ||
|---|---|---|---|
| 001 | L155595 | ||
| 008 | 120329e20120317xxk 000 0 eng d | ||
| 035 | _a(Sirsi) u155595 | ||
| 041 | 0 | _aeng | |
| 100 | 1 | _aHumphreys, Emma | |
| 245 | 0 | 0 | _aFollowing the dilapidations protocol |
| 260 |
_aLondon _bEstates Gazette _c2012 |
||
| 490 |
_aEstates Gazette _v(1211) 17 March 2012, 87(1) |
||
| 520 | _aQuestions about the Dilapidations Protocol which was last updated in 2008 and recently adopted as a formal pre-action protocol under the Civil Procedure Rules on 1 January 2012. | ||
| 590 | _aKA | ||
| 651 | 4 | _aUnited Kingdom | |
| 690 |
_aDilapidations _96235 |
||
| 700 | 1 | _aDuddridge, Robert | |
| 942 | _n0 | ||
| 999 |
_c83885 _d83885 |
||